LEADER 02074nam a2200397 u 4500 001 000000004493 003 CaOOAMICUS 005 20070226104646.0 008 940514m19031906gw u000 u grc u 035 $a10118912 040 $aEFR$bita$dPUL(R) 100 0 $aProclus Atheniensis,$d410-c. 485.$0(OLS)http://pul/name/894 240 10$aIn Platonis Timaeum commentaria$9(Proclus Atheniensis, 410-c. 485).$0(OLS)http://pul/title/6494 245 10$aProcli Diadochi In Platonis Timaeum commentaria /$cedidit Ernestus Diehl. 260 $aLipsiae :$bin aedibus B.G. Teubneri,$c1903-1906. 300 $a3 v. ;$c18 cm 490 1 $aBibliotheca scriptorum Graecorum et Romanorum Teubneriana ;$v1728-1730 504 $aIncludes bibliographical references and index. 600 04$aPlato,$d427-347 a.C.$0(OLS)http://pul/subject/73 700 1 $aDiehl, Ernst,$d1874-1944.$0(OLS)http://pul/name/3805 830 0$aBibliotheca scriptorum Graecorum et Romanorum Teubneriana ;$v1728-1730.$0(OLS)http://pul/title/1299 850 $aPUL 852 $aPUL$W1$xDP2 Filosofia 1$y62$m81 F 7$j190089$qStampati$B193080$CPULBib$Z2$F193080 $81 852 $aPUL$W1$xDP2 Filosofia 1$y62$m81 F 4$j190090$nBK-PRI$b $qStampati$B6295$CPULBib$Z2$F6295 $81 852 $aPUL$W1$xDP2 Filosofia 1$y62$m81 F 5$j190091$nBK-PRI$b $qStampati$B6296$CPULBib$Z2$F6296 $81 852 $aPUL$W1$xDP2 Filosofia 1$y62$m81 F 6$j190092$nBK-PRI$b $qStampati$B6297$CPULBib$Z2$F6297 $81 852 $aPUL$W1$xDP2 Filosofia 1$y62$m81 F 8$j190093$qStampati$B193081$CPULBib$Z2$F193081 $81 900 $aProclo,$d410-c. 485$9894 900 $aProclo di Atene,$d410-c. 485$9894 900 $aProclus Diadochus,$dc. 410-485$9894 900 $aProclo Licio Diadoco,$dc. 410-485$9894 900 $aProclus Lycius Diadochus,$d410-c. 485$9894 941 1 $a8 960 $aPlatone,$d427-347$973 996 $6245$aProcli Diadochi In Platonis Timaeum commentaria$9(OLS)http://pul/title/6495 996 $6260$aLipsiae :$bin aedibus B.G. Teubneri$9(OLS)http://pul/publisher/48009 LEADER 00963nam a2200229 u 4500 001 000000067098 003 CaOOAMICUS 005 20070226121641.0 008 020201s1850 it u000 u ita u 035 $a10918973 040 $aPUL(R)$bita 100 1 $aBalmes, Jaime Luciano,$csac.,$d1810-1848.$0(OLS)http://pul/name/2134 245 10$aLettere ad uno scettico in materia di religione /$cGiacomo Balmes ; tradotte da Don vincenzo Celotti. 260 $aImola :$bDalla Tip. Galeati,$c1850. 300 $a297 p. ;$c22 cm 500 $aContiene indice. 650 4$aScetticismo.$0(OLS)http://pul/subject/8722 850 $aPUL 852 $aPUL$W1$xDP1 Antico 800$y27$m58 H 31$j86776$nBK-PRI$b $qStampati Antico$B86776$CPULBib$Z2$F86776 $H $81 941 1 $a15 996 $6245$aLettere ad uno scettico in materia di religione$9(OLS)http://pul/title/89013 996 $6260$aImola :$bDalla Tip. Galeati$9(OLS)http://pul/publisher/71566